[Event "TSV Schönaich 2 - SK Schmiden/Cannstatt"]
[Site "?"]
[Date "2021.09.19"]
[Round "1.4"]
[White "Brunner, Jan"]
[Black "Löhr, Markus"]
[Result "0-1"]
[WhiteElo "2167"]
[BlackElo "2205"]
[PlyCount "70"]

1. d4 Nf6 2. c4 g6 3. f3 Nc6 4. d5 Ne5 5. e4 d6 6. Nc3 Bg7 7. f4 Ned7 8. Nh3
O-O 9. Be2 Nc5 10. Nf2 e5 11. dxe6 Bxe6 12. O-O Re8 13. Re1 Bd7 14. Bf3 Bc6 15.
Rb1 a5 16. Bd2 Nfd7 17. Nd5 Qb8 18. Bc3 Bxc3 19. Nxc3 Qa7 20. Qd2 Ne6 21. Rbd1
a4 22. Nd5 Rab8 23. g3 b5 24. e5 Ba8 25. f5 gxf5 26. exd6 cxd6 27. Qd3 bxc4 28.
Qxf5 Rxb2 29. Be4 Nef8 30. Bc2 Re5 31. Rxe5 Nxe5 32. Kf1 Bxd5 33. Rxd5 Qe3 34.
Kg2 Rxc2 35. Qxc2 Qf3+ 0-1

[Event "TSV Schönaich 2 - SK Schmiden/Cannstatt"]
[Site "?"]
[Date "2021.09.19"]
[Round "1.5"]
[White "Thoma, Christian"]
[Black "Schnadt, Florian"]
[Result "1/2-1/2"]
[WhiteElo "2172"]
[BlackElo "2043"]
[PlyCount "101"]

1. d4 d5 2. c4 c6 3. Nf3 Nf6 4. Nc3 e6 5. e3 Nbd7 6. Qc2 Be7 7. b3 O-O 8. Bd3
Qc7 9. Bb2 b6 10. O-O Bb7 11. Rac1 Rac8 12. Rfd1 Qb8 13. Qe2 c5 14. cxd5 Nxd5
15. Nxd5 Bxd5 16. e4 Bb7 17. d5 exd5 18. e5 d4 19. Re1 Bd5 20. Bf5 Be6 21. Bxe6
fxe6 22. Qc4 Kf7 23. Re4 b5 24. Rf4+ Ke8 25. Rxf8+ Nxf8 26. Qc2 Rd8 27. Qe4 Qa8
28. Qxa8 Rxa8 29. b4 Rc8 30. Nxd4 a6 31. bxc5 Rxc5 32. Rxc5 Bxc5 33. Nb3 Bb6
34. Bd4 Bxd4 35. Nxd4 Kd7 36. f4 Ng6 37. g3 Ne7 38. Kf2 Nd5 39. Ke1 g5 40. fxg5
Nb4 41. Kd2 Nxa2 42. h4 Nb4 43. h5 Ke7 44. h6 Kf7 45. Nxe6 Nc6 46. Nc7 Nxe5 47.
Nxa6 Kg6 48. Nc7 b4 49. Ne6 Nf3+ 50. Kc2 Nxg5 51. Nf8+ 1/2-1/2

[Event "TSV Schönaich 2 - SK Schmiden/Cannstatt"]
[Site "?"]
[Date "2021.09.19"]
[Round "1.6"]
[White "Kübler, Marcus"]
[Black "Eisele, Steffen"]
[Result "0-1"]
[WhiteElo "1969"]
[BlackElo "2246"]
[PlyCount "56"]

1. d4 g6 2. e4 Bg7 3. Nc3 d6 4. f4 a6 5. Nf3 b5 6. Bd3 c5 7. dxc5 dxc5 8. e5
Bf5 9. Be3 Nd7 10. Bxf5 gxf5 11. e6 fxe6 12. Ng5 Bxc3+ 13. bxc3 Ngf6 14. Nxe6
Qb6 15. Qf3 Qxe6 16. Qxa8+ Kf7 17. Qf3 Ng4 18. O-O-O Ndf6 19. Bxc5 Ne4 20. Rhe1
Ngf6 21. Kb1 Rc8 22. Bd4 Nd5 23. Qh5+ Kf8 24. Qxh7 Ndxc3+ 25. Kc1 Nxa2+ 26. Kb2
Rxc2+ 27. Kxc2 Nb4+ 28. Kc1 Qc4+ 0-1

[Event "TSV Schönaich 2 - SK Schmiden/Cannstatt"]
[Site "?"]
[Date "2021.09.19"]
[Round "1.7"]
[White "Witke, Thomas"]
[Black "Steinhart, Christoph"]
[Result "1-0"]
[WhiteElo "2218"]
[BlackElo "2002"]
[PlyCount "35"]

1. c4 e5 2. Nc3 Nf6 3. e3 d5 4. cxd5 Nxd5 5. Nf3 Nc6 6. Bb5 Nxc3 7. bxc3 Bd6 8.
d4 exd4 9. cxd4 O-O 10. h3 Qf6 11. O-O Bd7 12. Bd3 Nb4 13. Bb1 c5 14. a3 cxd4
15. axb4 dxe3 16. Bxe3 Rfd8 17. Bg5 Qe6 18. Re1 1-0

[Event "TSV Schönaich 2 - SK Schmiden/Cannstatt"]
[Site "?"]
[Date "2021.09.19"]
[Round "1.8"]
[White "Rechtsteiner, Oliver"]
[Black "Scheeff, Volker"]
[Result "0-1"]
[WhiteElo "1956"]
[BlackElo "2086"]
[PlyCount "120"]

1. e4 e6 2. d4 d5 3. e5 c5 4. c3 Qb6 5. g3 Nc6 6. Ne2 Nh6 7. Bh3 Nf5 8. Bxf5
exf5 9. O-O cxd4 10. cxd4 Be6 11. Nbc3 Rc8 12. Be3 Be7 13. Rc1 O-O 14. Na4 Qa6
15. Nf4 Na5 16. Qd3 Qxd3 17. Nxd3 b6 18. Rxc8 Rxc8 19. Rc1 Rc4 20. b3 Rxc1+ 21.
Bxc1 Nc6 22. Be3 g5 23. Nc3 f4 24. gxf4 Bf5 25. Nc1 gxf4 26. Bxf4 Nxd4 27. Nxd5
Ba3 28. Kf1 Bb1 29. Nc3 Bf5 30. Nd5 Be6 31. Nc3 Bh3+ 32. Kg1 Nf3+ 33. Kh1 Bc5
34. Ne4 Bd4 35. Ng5 Nxg5 36. Bxg5 Bxf2 37. Nd3 Bd4 38. Bf6 Bf5 39. Nf4 Be4+ 40.
Ng2 Bb1 41. a3 Bc2 42. b4 Be4 43. a4 Bc3 44. a5 bxa5 45. bxa5 Bxa5 46. e6 fxe6
47. Kg1 Bb6+ 48. Kf1 Bxg2+ 49. Kxg2 Kf7 50. Bb2 Bc7 51. h3 Kg6 52. Bc3 Kf5 53.
Kf3 e5 54. Bb2 a5 55. Bc3 a4 56. Bb4 e4+ 57. Ke3 Bf4+ 58. Ke2 Be5 59. Ba3 Bd4
60. Bc1 Bc5 0-1

[Event "Heilbronner SV 1 - SF Deizisau 2"]
[Site "?"]
[Date "2021.09.19"]
[Round "1.1"]
[White "Fischer, Sebastian"]
[Black "Wenninger, Philipp"]
[Result "0-1"]
[WhiteElo "2308"]
[BlackElo "2385"]
[PlyCount "54"]

1. d4 d5 2. c4 c6 3. Nf3 Nf6 4. e3 a6 5. Bd3 Bg4 6. Nbd2 e6 7. O-O Be7 8. Qc2
O-O 9. Ne5 Bh5 10. b3 Nbd7 11. Bb2 Bg6 12. Nxg6 hxg6 13. f4 c5 14. Nf3 Rc8 15.
Rac1 cxd4 16. exd4 dxc4 17. bxc4 Nd5 18. Ne5 Ne3 19. Qe2 Nxe5 20. Qxe3 Nxd3 21.
Qxd3 b5 22. cxb5 axb5 23. Rxc8 Qxc8 24. Qxb5 Qa8 25. Ra1 Qe4 26. Qd7 Bf6 27.
Rc1 Rb8 0-1

[Event "Heilbronner SV 1 - SF Deizisau 2"]
[Site "?"]
[Date "2021.09.19"]
[Round "1.2"]
[White "Kabisch, Thilo"]
[Black "Dabo-Peranic, Robert"]
[Result "1/2-1/2"]
[WhiteElo "2265"]
[BlackElo "2289"]
[PlyCount "177"]

1. e4 e5 2. Nf3 Nc6 3. Bb5 Nf6 4. O-O Nxe4 5. d4 Nd6 6. dxe5 Nxb5 7. a4 Nbd4 8.
Nxd4 d5 9. c3 Be7 10. f4 f6 11. exf6 Bxf6 12. Nxc6 bxc6 13. Re1+ Kf7 14. Be3
Re8 15. Nd2 Bf5 16. g4 d4 17. Bf2 Rxe1+ 18. Bxe1 dxc3 19. bxc3 Bd3 20. g5 Be7
21. Nf3 Be4 22. Ne5+ Kg8 23. Qe2 Bd5 24. Bf2 Bd6 25. Re1 Bxe5 26. Qxe5 Qd7 27.
f5 Rf8 28. Bxa7 Rxf5 29. Qe8+ Qxe8 30. Rxe8+ Kf7 31. Rc8 Rxg5+ 32. Kf1 h5 33.
Rxc7+ Ke6 34. Bd4 g6 35. a5 Kd6 36. Rg7 c5 37. Be3 Rf5+ 38. Ke1 Bf7 39. a6 Kc6
40. a7 Kb7 41. Bxc5 Rxc5 42. Rxf7+ Ka8 43. Kd2 Ra5 44. Ke3 Ra2 45. Rf2 Ra4 46.
Rf6 Rg4 47. h3 Rg3+ 48. Rf3 Rg1 49. Kd4 g5 50. Kc5 Kxa7 51. c4 g4 52. Rf7+ Kb8
53. h4 Re1 54. Rh7 g3 55. Rg7 Re4 56. Rxg3 Rxh4 57. Rg8+ Kc7 58. Rg7+ Kc8 59.
Kb5 Rg4 60. Rh7 h4 61. c5 Rg6 62. Rxh4 Rf6 63. Rh7 Rg6 64. Rh1 Rf6 65. Ka5 Rg6
66. Rb1 Kc7 67. Rb3 Rg5 68. Kb5 Rh5 69. Rg3 Rh6 70. Rg7+ Kc8 71. Kc4 Rh4+ 72.
Kd5 Rh5+ 73. Kc6 Rh6+ 74. Kb5 Rf6 75. Re7 Rh6 76. Kc4 Kd8 77. Re5 Kc7 78. Kd5
Rg6 79. Rf5 Rh6 80. Rf7+ Kc8 81. Re7 Kd8 82. Re6 Rxe6 83. Kxe6 Kc7 84. Kd5 Kd7
85. c6+ Kc7 86. Kc5 Kc8 87. Kd6 Kd8 88. c7+ Kc8 89. Kc6 1/2-1/2

[Event "Heilbronner SV 1 - SF Deizisau 2"]
[Site "?"]
[Date "2021.09.19"]
[Round "1.3"]
[White "Gustain, Marc"]
[Black "Degenhard, Simon"]
[Result "1/2-1/2"]
[WhiteElo "2175"]
[BlackElo "2220"]
[PlyCount "52"]

1. e4 e5 2. Nf3 Nc6 3. Nc3 Nf6 4. d4 exd4 5. Nxd4 Bb4 6. Nxc6 bxc6 7. Bd3 d5 8.
exd5 O-O 9. O-O cxd5 10. Bg5 c6 11. Qf3 Rb8 12. Bxf6 Qxf6 13. Qxf6 gxf6 14. Ne2
Bd6 15. b3 Re8 16. Ng3 Bd7 17. Nf5 Bxf5 18. Bxf5 Re5 19. Bd3 Rbe8 20. g3 h6 21.
Kg2 Kf8 22. Rfd1 Bb4 23. Bf1 R8e7 24. Rd3 Re1 25. Rxe1 Rxe1 26. Rf3 Kg7 1/2-1/2

[Event "Heilbronner SV 1 - SF Deizisau 2"]
[Site "?"]
[Date "2021.09.19"]
[Round "1.4"]
[White "Zuferi, Enis"]
[Black "Köllner, Aaron Noah"]
[Result "0-1"]
[WhiteElo "2331"]
[BlackElo "2191"]
[PlyCount "112"]

1. Nf3 c5 2. g3 b6 3. Bg2 Bb7 4. O-O e6 5. c4 Be7 6. b3 Nf6 7. Bb2 O-O 8. Nc3
d5 9. Ne5 Nbd7 10. d4 cxd4 11. Qxd4 Bc5 12. Qf4 Bd6 13. Nb5 Bb8 14. Rad1 a6 15.
Na3 Qe7 16. Nc2 Bd6 17. h3 Rac8 18. Ne3 Ne8 19. cxd5 f6 20. dxe6 fxe5 21. Qf7+
Rxf7 22. exf7+ Kxf7 23. Bxb7 Rd8 24. Bd5+ Kf8 25. Nf5 Qg5 26. f4 Bc5+ 27. Kh2
exf4 28. Rxf4 Ndf6 29. e4 Nxd5 30. exd5 Nf6 31. d6 Rd7 32. Rdf1 Bxd6 33. Nxg7
Bxf4 34. Ne6+ Ke7 35. Nxg5 Rd2+ 36. Kh1 Bxg5 37. Ba3+ Ke6 38. Re1+ Kd5 39. Bc1
Ne4 40. Bxd2 Bxd2 41. Rg1 b5 42. Kg2 Kd4 43. Kf3 Nc3 44. h4 Nxa2 45. Ra1 Nb4
46. Rd1 Kd3 47. g4 Kc2 48. Ke2 Bc3 49. g5 Kxb3 50. Rd7 a5 51. Rxh7 a4 52. g6 a3
53. g7 Bxg7 54. Rxg7 a2 55. Rg1 Nd5 56. Kd3 b4 0-1

[Event "Heilbronner SV 1 - SF Deizisau 2"]
[Site "?"]
[Date "2021.09.19"]
[Round "1.5"]
[White "Gheng, Dominik"]
[Black "Pogan, Nikolas"]
[Result "1/2-1/2"]
[WhiteElo "2109"]
[BlackElo "2248"]
[PlyCount "108"]

1. e4 d6 2. d4 Nf6 3. Nc3 e5 4. dxe5 dxe5 5. Qxd8+ Kxd8 6. Bg5 c6 7. O-O-O+ Ke8
8. Nf3 Nbd7 9. a3 Be7 10. Bc4 h6 11. Bh4 Bd8 12. h3 Bc7 13. g4 Nh7 14. Rd2 f6
15. Rhd1 Ndf8 16. Bg3 Ng5 17. Ng1 h5 18. h4 Nge6 19. g5 fxg5 20. Nf3 Ng6 21.
Bxe6 Bxe6 22. Nxg5 Bc8 23. Na4 b6 24. b4 a5 25. b5 cxb5 26. Nc3 b4 27. Nb5 Bb8
28. axb4 Ke7 29. Nd6 Bxd6 30. Rxd6 Rh6 31. Rxb6 Nf4 32. Rb5 Ne2+ 33. Kb2 Nxg3
34. fxg3 Bg4 35. Rf1 axb4 36. Rf7+ Kd6 37. Rxg7 Kc6 38. Rxe5 Rf6 39. Rd5 Rf1
40. Rg6+ Kc7 41. Rc5+ Kd7 42. Rb5 Raa1 43. Rxb4 Rfb1+ 44. Kc3 Ra3+ 45. Rb3
Raxb3+ 46. cxb3 Rg1 47. e5 Rxg3+ 48. Kb4 Kc7 49. e6 Bd1 50. Rg7+ Kc8 51. Rd7
Bxb3 52. Rd4 Ba2 53. Kc5 Rg4 54. Rd2 Bxe6 1/2-1/2

[Event "Heilbronner SV 1 - SF Deizisau 2"]
[Site "?"]
[Date "2021.09.19"]
[Round "1.6"]
[White "Tschlatscher, Thomas"]
[Black "Köllner, Christof"]
[Result "1/2-1/2"]
[WhiteElo "2190"]
[BlackElo "2156"]
[PlyCount "55"]

1. e4 d6 2. d4 Nf6 3. Nc3 e5 4. Nf3 Nbd7 5. Bc4 Be7 6. O-O Nb6 7. Be2 exd4 8.
Nxd4 O-O 9. a4 a5 10. f4 d5 11. e5 Ne4 12. Qd3 c5 13. Ndb5 c4 14. Qf3 Bc5+ 15.
Be3 Nd2 16. Qf2 Bxe3 17. Qxe3 Nxf1 18. Rxf1 Bf5 19. Nd4 Bd7 20. f5 Re8 21. f6
gxf6 22. Qh6 Rxe5 23. Rxf6 Ra6 24. Rxf7 Kxf7 25. Qxh7+ Kf6 26. Qh6+ Kf7 27.
Qh7+ Kf6 28. Qh6+ 1/2-1/2

[Event "Heilbronner SV 1 - SF Deizisau 2"]
[Site "?"]
[Date "2021.09.19"]
[Round "1.7"]
[White "Rempeli, Alex"]
[Black "Huber, Philipp"]
[Result "0-1"]
[WhiteElo "2079"]
[BlackElo "2214"]
[PlyCount "89"]

1. d4 Nf6 2. c4 d6 3. Nf3 g6 4. Nc3 Bg7 5. e4 O-O 6. h3 Na6 7. Bg5 h6 8. Be3 e5
9. d5 Nc5 10. Nd2 a5 11. Be2 Ne8 12. g4 f5 13. Qc2 f4 14. Bxc5 dxc5 15. O-O-O
f3 16. Nxf3 Ra6 17. Rdf1 Qe7 18. Ne1 Bf6 19. Ng2 Bg5+ 20. Kb1 Bd7 21. h4 Bf4
22. h5 g5 23. Rd1 Nd6 24. Rhf1 b6 25. a4 Raa8 26. b3 Rf6 27. Nb5 Bxb5 28. cxb5
Raf8 29. Rh1 R8f7 30. Rdg1 c4 31. Bxc4 Nxc4 32. Qxc4 Qa3 33. Ne1 Bd2 34. Nc2
Qd6 35. Rf1 Rf3 36. Ne3 Qa3 37. d6 cxd6 38. Kc2 Qa2+ 39. Kd3 d5 40. Qc8+ Kg7
41. Qc6 Qxb3+ 42. Kxd2 Rxf2+ 43. Rxf2 Rxf2+ 44. Kc1 Qb2+ 45. Kd1 0-1

[Event "Heilbronner SV 1 - SF Deizisau 2"]
[Site "?"]
[Date "2021.09.19"]
[Round "1.8"]
[White "Dudek, Richard"]
[Black "Brenner, Markus"]
[Result "1/2-1/2"]
[WhiteElo "2220"]
[BlackElo "2074"]
[PlyCount "43"]

1. e4 c5 2. Nc3 Nc6 3. g3 g6 4. Bg2 Bg7 5. d3 d6 6. f4 e6 7. Nf3 Nge7 8. O-O
O-O 9. Be3 b6 10. Qd2 Ba6 11. f5 exf5 12. Bh6 fxe4 13. Bxg7 Kxg7 14. Nxe4 d5
15. Nf6 Nf5 16. Ng4 h5 17. Nh4 hxg4 18. Rxf5 Ne7 19. Rf2 Bc8 20. Qf4 f6 21. Re1
a5 22. Qe3 1/2-1/2